[Event "Seville op 41st"]
[Site "Seville"]
[Date "2016.01.08"]
[Round "1"]
[White "Teran Alvarez, Ismael"]
[Black "Lopez Perea, Mario"]
[Result "1-0"]
[WhiteElo "2416"]
[BlackElo "1791"]
[PlyCount "65"]
[EventDate "2016.01.08"]
[EventType "swiss"]
[EventRounds "9"]
[EventCountry "ESP"]
[SourceTitle "CBM 170 Extra"]
[Source "ChessBase"]
[SourceDate "2016.02.25"]
[SourceVersion "1"]
[SourceVersionDate "2016.02.25"]
[SourceQuality "1"]

1. c4 c6 2. g3 d5 3. Nf3 Nf6 4. Bg2 e6 5. b3 Be7 6. 0-0 0-0 7. Bb2 Nbd7 8. Qc2 b6 9. d3 Bb7 10. e4 dxe4 11. dxe4 Qc7 12. e5 Ne8 13. Re1 g6 14. Nc3 Ng7 15. Ne4 c5 16. Rad1 Bxe4 17. Qxe4 Rfd8 18. Nd2 Rac8 19. g4 Nf8 20. Qe2 Bg5 21. Ne4 Be7 22. Nd6 Bxd6 23. exd6 Qd7 24. Qe5 f5 25. g5 Qf7 26. Bf3 Nd7 27. Qxg7+ Qxg7 28. Bxg7 Kxg7 29. Rxe6 Re8 30. Rde1 Rxe6 31. Rxe6 Rf8 32. Re7+ Rf7 33. Bd5 1-0